|
|
|
|
| LEADER |
00000nam a2200000 a 4500 |
| 001 |
vtls001220559 |
| 003 |
SK-MaSNL |
| 005 |
20260301234111.0 |
| 008 |
240226s1996 xo a b 000 j cze |
| 015 |
|
|
|a SNBG1996/0200941
|
| 020 |
|
|
|a 8085483890
|
| 035 |
|
|
|a SNK000165394
|
| 035 |
|
|
|a urn:nbn:sk:snk-am3hfsa
|
| 035 |
|
|
|a F5E2E7AB-A34A-4D25-A665-B23AEB1D2FD9
|
| 035 |
|
|
|a urn:nbn:sk:snk-am00cysc
|
| 040 |
|
|
|a SNK
|b slo
|c SNK
|e AACR2
|
| 041 |
0 |
|
|a cze
|
| 044 |
|
|
|a xo
|c SK
|
| 080 |
|
|
|a 087.5(084)
|2 1981
|
| 245 |
0 |
0 |
|a Mláďata
|
| 260 |
|
|
|a Skalica
|b Grafobal
|c 1996
|
| 300 |
|
|
|a 1 leporelo ([16] s.)
|b ilustr.
|c 10x11 cm
|
| 655 |
|
7 |
|a leporelá
|2 SNKPH
|9 60414
|
| 655 |
|
7 |
|a publikácie pre deti
|2 SNKPH
|9 70148
|
| 919 |
|
|
|a 80-85483-89-0
|
| 958 |
|
|
|a TL
|
| 958 |
|
|
|a DB
|
| 958 |
|
|
|a LX
|
| 999 |
|
|
|c 968913
|d 970843
|
| 952 |
|
|
|t P60, <09>, [BOOK], {629}
|a SNK
|b SNK
|y NEVYP
|7 0
|o snkE 153
|i snk3330/960924
|0 0
|1 0
|4 0
|d 1996-09-23
|l 0
|r 2005-01-01 00:00:00
|w 2026-02-24
|
| 952 |
|
|
|t P60, <03>, [BOOK], {603}
|a SNK
|b SNK
|y PREZ
|7 0
|p 17A0010039
|o snkSE 9167
|i snkKSP 7737/96
|0 0
|1 0
|4 0
|d 1996-09-23
|f 1
|l 0
|r 2005-01-01 00:00:00
|w 2026-02-24
|
| 952 |
|
|
|t P60, <04>, [BOOK], {604}
|a SNK
|b SNK
|y VYP
|7 0
|p 17A0010038
|o snkSE 9167 D1
|i snkKSP 7738/96
|0 0
|1 0
|4 0
|d 1996-09-23
|l 0
|r 2005-01-01 00:00:00
|w 2026-02-24
|